000
00255nam a2200097 a 4500
005
20201002052428.0
008
150511s2003 000 spa d
245
4
_a
Una mirada a la naturaleza.
260
_a
Dajabón : Centro Puente,
_c
2003.
999
_c
45249
_d
45249
040
_a
DO-SdBNP